| 000 | 00795nam a22002417a 4500 | ||
|---|---|---|---|
| 005 | 20130530153009.0 | ||
| 008 | 080922t xxu||||| |||| 00| 0 eng d | ||
| 010 | _aB-506544-545 | ||
| 020 | _a9788131703854 | ||
| 035 | _aB-506544-545 | ||
| 037 | _bKKP/Ven | ||
| 040 |
_adpl _bEnglish |
||
| 082 | _a301 | ||
| 100 | _aMacionis, John J. | ||
| 245 |
_aSociology / _cJohn J. Macionis |
||
| 246 | _aSociology | ||
| 250 | _a10th ed. | ||
| 260 |
_aNoida _bPearson _c20? |
||
| 270 |
_a7th floor, Knowledge Boulevard, A-8(A), Sector 62 _bNoida _e201309 |
||
| 300 |
_a704p. _c25cm(pbk) |
||
| 942 |
_2ddc _cEN _mMAC _h301 |
||
| 999 |
_c76350 _d76350 |
||